| 000 | 00512cam a2200193ua 4500 | ||
|---|---|---|---|
| 001 | 667 | ||
| 005 | 20260515113215.0 | ||
| 008 | 110420n ii |||gr||||Z||||||eng | ||
| 040 | _cMAIN | ||
| 082 | _a320.9 | ||
| 245 |
_aHistory of political theory. _cBy George H. Sabine. |
||
| 250 | _a3rd. | ||
| 260 |
_aCalcutta.: _bOxford & I B P publishing co.,961. |
||
| 300 |
_axii, 948 p.: _c20 cm. |
||
| 653 | _aPolitical science. | ||
| 653 | _aHistory of political theory. | ||
| 700 | _aSabine, George H., | ||
| 942 | _cBK | ||
| 999 |
_c596 _d596 |
||